Bible - Book of Exodus Trivia - Statistics

General Stats
  • This quiz has been taken 691 times
  • The average score is 15 of 20
Answer Stats
Hint Answer % Correct
God spoke to Moses through a burning ____ Bush
97%
Which sea did God part so the Israelites could pass through? Red Sea
93%
Moses turned his staff into what? A snake
91%
Moses's mother left him in the reeds on the bank of which river? Nile
91%
The Israelites had become ______ in Egypt Slaves
90%
While Moses was on Mount Sinai receiving the ten commandments, the Israelites made a golden ____ to worship Calf
89%
God wrote the ten commandments on two _______ Tablets
87%
God sent a plague of _______ to devour everything in Egypt Locusts
86%
On which day did God command the Israelites not to work? The Sabbath
83%
Which Egyptians did God kill when the pharaoh would not let the Israelites go? The firstborn
82%
For how many days was Moses on Mount Sinai talking to God? 40
81%
Who is the first priest? Aaron
73%
During the above, the Israelites are not to eat bread made with what? Yeast
72%
The cloud of the Lord was cloud by day and ____ by night Fire
70%
What was it called when the above happened? Passover
70%
God told the Israelites not to cook a young ____ in its mother's milk Goat
63%
During which plague in Egypt could people not move about for three days? Darkness
61%
God tells the Israelites not to oppress a ________, because they were one in Egypt Foreigner
36%
Which tribe is Moses a part of? Levite
36%
Where did the Israelites camp, where there were twelve springs and seventy palm trees? Elim
6%
No matching quizzes found
Score Distribution
Percent of People with Each Score
Percentile by Number Answered
Your Score History
You have not taken this quiz